| 000 | 01665cam a22004694i 4500 | ||
|---|---|---|---|
| 003 | PE-LiUPU | ||
| 005 | 20250731173333.0 | ||
| 008 | 150616s r 000 0 d | ||
| 035 | _a(Sirsi) a445 | ||
| 040 |
_aPE-LiUPU _bspa _cPE-LiUPU _erda |
||
| 049 | _aPRUA | ||
| 082 | 0 | 4 |
_a261.1 _bO91 _221 |
| 245 | 0 | 3 |
_aEl orden ecónomico y social: el trabajo / _c Editado por Jean Ousset y Michel Creuzet. |
| 264 | 1 |
_aBuenos Aires : _bLibrería "El Ateneo", _c1966]. |
|
| 300 |
_a381 páginas ; _c20 cm |
||
| 336 |
_atext _2rdacontent |
||
| 337 |
_aunmediated _2rdamedia |
||
| 338 |
_avolume _2rdacarrier |
||
| 504 | _aNota Bibliografica. | ||
| 505 | 0 | _aPrefacio -- Algunas notas -- Prólogo -- Trabajo y propiedad -- Los problemas del trabajo -- Organización de la economía -- El valor del trabajo -- Por un trabajo Humano. | |
| 526 | _aSEG42 | ||
| 526 | _aSEG41 | ||
| 526 | _aSEG40 | ||
| 526 | _aSEG39 | ||
| 526 | _aP94 | ||
| 526 | _aP87 | ||
| 526 | _aP86 | ||
| 526 | _aP85 | ||
| 526 | _aP77 | ||
| 526 | _aP76 | ||
| 526 | _aP35 | ||
| 650 | 0 | 4 | _aIglesia y problemas sociales. |
| 700 | 1 |
_aOusset, Jean, _eeditor. |
|
| 700 | 1 |
_aCreuzet, Michel, _eeditor. |
|
| 910 |
_ajck _bjvq _cjck |
||
| 942 |
_2ddc _cBOOK |
||
| 949 |
_a261.1 O91 _wDEWEY _c1 _i17479 _lCCODEBUL1 _mBUL _p00.00 _r0 _sY _tBOOK _u19791211 _xTEOLOGIA _zUNKNOWN _0COMPRA _o.STAFF. Colección General |
||
| 994 |
_aC0 _bPEPRU |
||
| 596 | _a1 | ||
| 999 |
_a261.1 O91 _wDEWEY _c48682 _i17479 _f2021-11-12 _g5 _lCCODEBUL1 _mBUL _r0 _sY _tBOOK _u2015-6-16 _xTEOLOGIA _zUNKNOWN _0COMPRA _o.STAFF. Colección General _d48682 |
||
| 980 |
_81 _gALBERTO SANCHEZ Responsable de Automatización |
||